000 00459nam a2200157Ia 4500
999 _c2803
_d2803
003 OSt
005 20200903122034.0
008 190216s9999||||xx |||||||||||||| ||und||
040 _coclc
082 _a535.84
_bTYA/T
100 _aTyagi, O D
_94312
245 0 _aA Text Book Of Spectroscopy /
_cO D Tyagi ; M Yadav
260 _bAnmol Publications,
_c1990.
_aMew Delhi:
300 _a376p
942 _cBK
_2ddc
_h535.84
_iTYA/T
_k535.84
_mTYA/T